000 00627nam a2200193 i 4500
001 45479
003 ES-MaACL
005 20230906161226.0
007 t|
008 030326s1986 sp ||||1| spa d
020 _a84-323-00559-1
100 1 _aCohen, Gerald Allan.
_939493
245 1 3 _aLa teoría de la historia de Karl Marx
_b: una defensa /
_cGerald A. Cohen ; traducción de Pilar López Mañez.
260 _aMadrid :
_bSiglo Veintiuno de España,
_c1986.
300 _aXVIII, 405 p. ;
_c21 cm.
504 _aBibliografía. Indice.
700 0 _aLópez Máñez, Pilar.
_973746
852 _aES-MaACL
_jB-220
_bR.111459
999 _c45479
_d45479